01479nab a22002177a 4500003000400000005001700004008004100021040000700062100002900069245017800098260007300276300001300349500003500362505054900397505008100946650001801027650002601045650001701071650002201088773015101110OSt20260204095406.0190429b xxu||||| |||| 00| 0 spa d cPJ aGorini, Franco Nicolás10aImprescriptibilidad de los delitos de funcionarios públicos y su tratamiento en la jurisprudencia nacional. Luces y sombras de un debate actual /cFranco Nicolás Gorini. cCiudad Autónoma de Buenos Aires :aThomson Reuters La Ley, b2024. ap. 87-94 aCita Online: AR/DOC/2686/2024. aSumario: I. Introducción.— II. La corrupción como delito y sus consecuencias sobre los derechos humanos.— III. Notas sobre el instituto de la prescripción penal.— IV. El concepto de funcionario público.— V. El tratamiento de la imprescriptibilidad de la corrupción en el derecho comparado.— VI. El tratamiento de la imprescriptibilidad de los delitos de corrupción en la jurisprudencia nacional.— VII. Una referencia inexcusable: el debate parlamentario sobre el texto constitucional.— VIII. A modo de conclusión.  tSi te interesa el texto completo, solicitalo a koha@justierradelfuego.gov.ar 0aDERECHO PENAL 0aFUNCIONARIOS PUBLICOS 0aCORRUPCIÓN 0aDERECHO COMPARADO0 02658tRevista de derecho penal y criminología. Nº 1 - Febrero 2024dCiudad Autónoma de Buenos Aires : Thomson Reuters La Ley, 2017-x00347914